书目信息 |
| 题名: |
五四爱国运动
|
|
| 作者: | ;中国社会科学院近代史研究所近代史资料编辑组 编 | |
| 分册: | 上 | |
| 出版信息: | 北京 中国社会科学出版社 1979 |
|
| 页数: | 592页 | |
| 开本: | 20cm | |
| 丛书名: | ||
| 单 册: | ||
| 中图分类: | K261.1 | |
| 科图分类: | ||
| 主题词: | 中国--历史 | |
| 电子资源: | ||
| ISBN: | ||
| 000 | 00829nam0 2200229 45 | |
| 001 | 0179007516 | |
| 005 | 20060413101450.39 | |
| 010 | @dCNY2.30 | |
| 091 | @a11190.008 | |
| 100 | @a19950724d1979 em y0chiy0121 ea | |
| 101 | 0 | @achi |
| 102 | @aCN@b110000 | |
| 105 | @ay z 000yy | |
| 200 | 10 | @a五四爱国运动@Awu si ai guo yun dong@h上@f中国社会科学院近代史研究所近代史资料编辑组编@Fzhong guo she hui ke xue yuan jin dai shi yan jiu suo jin dai shi zi liao bian ji zu bian |
| 210 | @a北京@c中国社会科学出版社@d1979 | |
| 215 | @a592页@d20cm | |
| 300 | @a近代史资料类编 | |
| 606 | 0 | @a中国@x历史 |
| 690 | @aK261.1 | |
| 711 | 02 | @a中国社会科学院近代史研究所近代史资料编辑组@Azhong guo she hui ke xue yuan jin dai shi yan jiu suo jin dai shi zi liao bian ji zu@4编 |
| 801 | 0 | @aCN@bNLC@c20060413 |
| 905 | @f1@b10356@dK261.1@e2:1 | |
| 五四爱国运动.上/中国社会科学院近代史研究所近代史资料编辑组编.-北京:中国社会科学出版社,1979 |
| 592页;20cm |
| 近代史资料类编 |
| ISBN :CNY2.30 |
| ● |
| 相关链接 |
|
|
|
|
正题名:五四爱国运动
索取号:K261.1/2:1
 
预约/预借
| 序号 | 登录号 | 条形码 | 馆藏地/架位号 | 状态 | 备注 |
| 1 | 0010356 | 001923850 | 密集书库/ [索取号:K261.1/2:1] | 在馆 | |
| 2 | 0010357 | 000355877 | 密集书库/ [索取号:K261.1/2:1] | 在馆 |